000 00239nam a22001097a 4500
003 OSt
008 241203b |||||||| |||| 00| 0 eng d
041 _aeng
100 _aGopalakrishnan Nair
_94471
245 _aNharambu Roghikal
942 _cBK
999 _c18208
_d18208